Most na križovatke Prievoz na diaľnici D4

Gespeichert in:
Bibliographische Detailangaben
1. Verfasser: Miroškynová, Lucia (Verfasst von)
Weitere Verfasser: Halvonik, Jaroslav (Betreuung Doktorarbeit)
Format: Manuskript Buch
Sprache:Slowakisch
Veröffentlicht: 2018
Schlagworte:
Online-Zugang:http://is.stuba.sk/zp/portal_zp.pl?podrobnosti=138180
https://opac.crzp.sk/?fn=detailBiblioForm&sid=7748F8ABF7A423EAE570DA3BD0B0
Tags: Tag hinzufügen
Keine Tags, Fügen Sie das erste Tag hinzu!

MARC

LEADER 00000ntm a22000003a 4500
001 stuzp68746
003 SK-STU
005 20230626104244.0
007 ta
008 150427s2015----xo-----f-mn---000-0-slo-d
040 |a STU  |b slo 
041 0 |a slo 
100 1 |a Miroškynová, Lucia  |u 010110  |4 aut  |U SvF Stavebná fakulta  |T SvF Katedra betónových konštrukcií a mostov  |X 55696  |U V110  |Y 11  |7 55696 
242 0 1 |a Bridge on intersection Prievoz on D4 motorway  |y eng 
245 1 0 |a Most na križovatke Prievoz na diaľnici D4 
260 |c 2018 
650 4 |a predpätý betón  |2 slo 
650 4 |a zosilnenie  |2 slo 
650 4 |a dodatočné predpätie  |2 slo 
650 4 |a prestressed concrete  |2 eng 
650 4 |a strenghtening  |2 eng 
650 4 |a post-tensioning  |2 eng 
700 1 |a Halvonik, Jaroslav  |u 010110  |k Z1  |4 ths  |U SvF Stavebná fakulta  |T SvF Katedra betónových konštrukcií a mostov  |X 2749  |U V110  |Y 11  |7 A000002749 
856 4 |u http://is.stuba.sk/zp/portal_zp.pl?podrobnosti=138180 
856 4 |u https://opac.crzp.sk/?fn=detailBiblioForm&sid=7748F8ABF7A423EAE570DA3BD0B0